000 00321nam a2200109Ia 4500
008 220216s9999 xx 000 0 und d
100 _aDevendra Kumar
245 0 _aCan we have gasoline plantations ?
260 _bRubber Board Bulletin (Reproduced from Science reporter, June 1979)
_c1978
300 _a28-33
942 _cJS
999 _c55077
_d55077